LEADER 01474nam a2200253 i 4500 001 000000241625 003 CaOOAMICUS 005 20250905145449.0 008 150507s1643 it u000 u fre u 013 $a220530 026 $aitn- gei- peec rume (3) 1643 (R) 040 $aSeMil$bita 245 10$a[1]. 300 $a[24], 624, [28] p. 500 $aPrecede il front. xilogr., front. calcogr. con sottoscrizione di Jean Blanchin: Histoire de Malthe auec les statuts & les ordonnances 500 $aSegn.: pg6 A-3H6 3I2 500 $aLa c. 3I2 erron. segn. 3I 500 $aFront. stampato in rosso e nero 700 1 $aBlanchin, Jean .$0(OLS)http://semarc/name/81798 773 0 $aBosio, Giacomo <1544-1627>$tHistoire des chevaliers de l'ordre de S. Iean de Hierusalem, contenant leur admirable institution & police; la suitte des guerres de la Terre Saincte, ou ils se sont trouuez, & leurs continuels voyages, enterprises, batailles, assauts & rencontres. Cy-devant escrite par le seu S.D.B.D.L. divisée par chapitres ... par I. Baudoin.$bDerniere edition ou l'on a joinct les ordonnances du chapitre general, tenuen l'an 1632. ... par F. A. De Naberat, ...$dA Paris : Pour Iacques d' Allin, sur le Pont-neuf, vis a vis la Samaritaine, 1643.$g1$w()31860 850 $aSeMil 852 $aSeMil$W1$xVenegono$y1$m3E VI 25 FA$j191971$B191971$CSeMilBibl$Z2$F202759 $8I 996 $6245$a[1]$9(OLS)http://semarc/title/16462 LEADER 01383nam a2200289 i 4500 001 000000204073 003 CaOOAMICUS 005 20110715000000.0 008 110715s1976 it u000 u ita u 013 $a182790 040 $aSeMil$bita 100 1 $aBraudel, Fernand,$d<1902-1985>.$0(OLS)http://semarc/name/4801 240 10$aÉcrits sur l'histoire.$0(OLS)http://semarc/title/295699 245 10$aScritti sulla storia /$cFernand Braudel ; Introduzione di Alberto Tenenti ; Traduzione di Alfredo Salsano. 250 $a2. ed. 260 $aMilano :$bArnoldo Mondadori Editore,$c1976 (copyr. 1973) 300 $a285 p. ;$c20 cm. 490 0 $aGli Oscar studio ;$v6 500 $aIn copertina : Storia. La storia come punto d'incontro di tutte le scienze dell'uomo: sociologia, antropologia, geografia, economia. 650 4$aStoriografia - Metodo.$0(OLS)http://semarc/subject/7763 700 1 $aSalsano, Alfredo,$d<1939-2004>.$0(OLS)http://semarc/name/8753 700 1 $aTenenti, Alberto,$d<1924-2002>.$0(OLS)http://semarc/name/40493 830 4$aGli Oscar studio ;$v6.$0(OLS)http://semarc/title/8472 850 $aSeMil 852 $aSeMil$W1$xVenegono$y1$m3U II 333$j154567$B154567$CSeMilBibl$Z2$F165398 $81 996 $6245$aScritti sulla storia$9(OLS)http://semarc/title/295698 996 $6260$aMilano :$bArnoldo Mondadori Editore$9(OLS)http://semarc/publisher/30056